Mistrzowie Serie A - piłka nożna - Statystyki

Ogólne statystyki
  • Ten quiz został rozwiązany 276 razy
  • Średni wynik to 8 z 17
Statystyki odpowiedzi
Tytuły Klub % Poprawnych
36 Juventus
99%
20 Inter Mediolan
98%
19 AC Milan
96%
3 Napoli
88%
3 As Roma
80%
2 Fiorentina
61%
2 Lazio
56%
7 Torino
56%
7 Bologna
49%
9 Genoa
44%
1 Hellas Verona
23%
1 Cagliari
19%
7 Pro Vercelli
4%
1 AS Casale
1%
1 Novese
1%
1 UC Sampdoria
1%
1 Spezia Calcio
0%
Nie znaleziono quizów pasujących do podanych kryteriów
Rozkład punktacji
Procent ludzi z każdym wynikiem
Percentyl według liczby udzielonych odpowiedzi
Twoja historia wyników
Nie rozwiązałeś tego quizu